[Event "44th North Shore Open"]
[Site "Auckland NZL"]
[Date "2017.08.26"]
[Round "3"]
[White "Steadman, Michael V R"]
[Black "Hague, Ben"]
[Result "0-1"]
[WhiteElo "2194"]
[BlackElo "2326"]
[PlyCount "92"]
[EventDate "2017.08.26"]

1. d4 Nf6 2. c4 e6 3. Nc3 Bb4 4. f3 c5 5. d5 O-O 6. e4 b5 7. Bg5 exd5 8. cxd5
Re8 9. Be2 c4 10. Nh3 d6 11. Nf2 Nbd7 12. O-O a6 13. Qc2 Qb6 14. Rae1 h6 15.
Bd2 Ne5 16. h3 Ng6 17. Kh2 Bc5 18. Nfd1 Ra7 19. g3 Rae7 20. Kg2 Qa7 21. Rh1 Bd7
22. h4 Qb8 23. h5 Ne5 24. Ne3 Rc8 25. Ncd1 Qb6 26. Rh4 Bd4 27. Bf1 Qc5 28. a3
Qb6 29. Nf2 a5 30. Qb1 b4 31. axb4 axb4 32. f4 c3 33. bxc3 bxc3 34. Qxb6 Bxb6
35. Bc1 Bxe3 36. Rxe3 Neg4 37. Nxg4 Nxg4 38. Re2 Nf6 39. f5 Bb5 40. Re3 Bxf1+
41. Kxf1 Rc4 42. Ke2 Rcxe4 43. Rhxe4 Rxe4 44. Rxe4 Nxe4 45. Kd3 Nxg3 46. f6
Nxh5 0-1

[Event "44th North Shore Open"]
[Site "Auckland NZL"]
[Date "2017.08.26"]
[Round "3"]
[White "Ang, Alphaeus Wei Ern"]
[Black "McLaren, Leonard J"]
[Result "1-0"]
[WhiteElo "2141"]
[BlackElo "2208"]
[PlyCount "57"]
[EventDate "2017.08.26"]

1. d4 Nf6 2. c4 e6 3. Nc3 Bb4 4. f3 Nc6 5. a3 Bxc3+ 6. bxc3 O-O 7. e4 b6 8. Bd3
Ba6 9. Nh3 Na5 10. Qe2 Nb3 11. Rb1 Nxc1 12. Rxc1 d6 13. f4 d5 14. e5 dxc4 15.
Bb1 Nd5 16. Bxh7+ Kxh7 17. Qh5+ Kg8 18. Ng5 Qxg5 19. Qxg5 Bb7 20. O-O Rae8 21.
Rf3 f5 22. Rh3 Rf7 23. Rf1 Ne7 24. Re1 Nd5 25. Rh5 Rd7 26. Qh4 Kf7 27. Rh7 Rg8
28. g4 fxg4 29. f5 1-0

[Event "44th North Shore Open"]
[Site "Auckland NZL"]
[Date "2017.08.26"]
[Round "3"]
[White "Gong, Daniel Hanwen"]
[Black "Polishchuk, Kirill"]
[Result "1/2-1/2"]
[WhiteElo "2278"]
[BlackElo "2132"]
[PlyCount "40"]
[EventDate "2017.08.26"]

1. c4 Nc6 2. d4 d5 3. Nf3 Bg4 4. cxd5 Bxf3 5. dxc6 Bxc6 6. Nc3 e6 7. e4 Bb4 8.
f3 Qh4+ 9. g3 Qf6 10. Bg2 h5 11. h4 O-O-O 12. Bg5 Qxd4 13. Bxd8 Bxc3+ 14. bxc3
Qe3+ 15. Qe2 Qxc3+ 16. Kf2 Qd4+ 17. Qe3 Qb2+ 18. Qe2 Qd4+ 19. Qe3 Qb2+ 20. Qe2
Qd4+ 1/2-1/2

[Event "44th North Shore Open"]
[Site "Auckland NZL"]
[Date "2017.08.26"]
[Round "3"]
[White "Fan, Allen Chi Zhou"]
[Black "Duneas, John"]
[Result "1-0"]
[WhiteElo "2055"]
[BlackElo "2034"]
[PlyCount "143"]
[EventDate "2017.08.26"]

1. Nf3 d5 2. g3 Nc6 3. Bg2 e5 4. d3 Nf6 5. O-O Bc5 6. b3 Qe7 7. Bb2 O-O 8. Nbd2
Re8 9. Ne1 Bg4 10. h3 Bh5 11. c4 dxc4 12. Nxc4 Bd4 13. Qd2 Bg6 14. Nf3 Bxb2 15.
Qxb2 e4 16. dxe4 Bxe4 17. Rfd1 Rad8 18. Ne3 h6 19. Rac1 Rxd1+ 20. Nxd1 Rd8 21.
Nc3 Bf5 22. Nh4 Be6 23. Rc2 Qd7 24. Kh2 Qd4 25. e3 Qb4 26. Ne2 Rd1 27. Nf4 Qe1
28. Nf3 Qa5 29. a3 Bf5 30. b4 Qb6 31. Rc5 Be4 32. Ne2 Nd7 33. Rc1 Rxc1 34. Qxc1
a5 35. Nc3 Bxf3 36. Bxf3 axb4 37. Nd5 Qa5 38. axb4 Nxb4 39. Qd2 Ne5 40. Ne7+
Kh7 41. Be4+ g6 42. Qd8 Kg7 43. Qg8+ Kf6 44. Qf8 Nec6 45. Ng8+ Ke6 46. Nxh6 Qe5
47. Qxf7+ Kd6 48. Qf8+ Qe7 49. Qf4+ Kc5 50. Bxg6 Nd5 51. Qa4 Qf6 52. Qc2+ Kb6
53. Ng4 Qd6 54. Be4 Ndb4 55. Qb2 Ka7 56. h4 Qe6 57. Bf3 Qd6 58. h5 Nd3 59. Qa1+
Kb8 60. Qh8+ Ka7 61. Bxc6 Qxc6 62. Qd4+ Nc5 63. h6 b6 64. h7 Nb3 65. Qb2 Qe6
66. h8=Q Na5 67. Qhg7 Kb7 68. Qbe5 Qc4 69. Qd7 Qc2 70. Qed5+ Ka7 71. Qc8 Nb7
72. Qdxb7# 1-0

[Event "44th North Shore Open"]
[Site "Auckland NZL"]
[Date "2017.08.26"]
[Round "3"]
[White "Goodhue, Nathan"]
[Black "Morrell, Gordon"]
[Result "1/2-1/2"]
[WhiteElo "1968"]
[BlackElo "2042"]
[PlyCount "46"]
[EventDate "2017.08.26"]

1. g3 e5 2. Bg2 Nc6 3. d3 f5 4. e4 d6 5. Ne2 Nf6 6. c4 Be7 7. Nbc3 O-O 8. O-O
Qe8 9. Nd5 Bd8 10. f3 Qh5 11. Be3 Nxd5 12. cxd5 Ne7 13. Qd2 c5 14. dxc6 Nxc6
15. b4 Bf6 16. b5 Nd4 17. Bxd4 exd4 18. Qb4 fxe4 19. dxe4 d3 20. Nf4 Qc5+ 21.
Qxc5 dxc5 22. Nxd3 Bd4+ 23. Kh1 Bxa1 1/2-1/2

[Event "44th North Shore Open"]
[Site "Auckland NZL"]
[Date "2017.08.26"]
[Round "3"]
[White "Li, Shenyue (Sherry)"]
[Black "Johns, Daniel P"]
[Result "1-0"]
[WhiteElo "2038"]
[BlackElo "1909"]
[PlyCount "61"]
[EventDate "2017.08.26"]

1. e4 e5 2. Nf3 Nc6 3. Bb5 a6 4. Ba4 Nf6 5. d4 exd4 6. O-O Nxe4 7. Re1 d5 8.
Nxd4 Bd6 9. Be3 Bd7 10. c4 O-O 11. cxd5 Nxd4 12. Bxd7 Qxd7 13. Qxd4 Nf6 14. Nc3
h6 15. Bxh6 Bxh2+ 16. Kxh2 Ng4+ 17. Kg1 Nxh6 18. Re5 Rfe8 19. Rg5 Nf5 20. Qg4
g6 21. Ne4 Qe7 22. Ng3 Nxg3 23. Qxg3 Rad8 24. Rc1 Kg7 25. Rh5 Qd6 26. Qc3+ f6
27. Rh4 Qxd5 28. Qh3 Rg8 29. Rh7+ Kf8 30. Qh6+ Ke8 31. Re1+ 1-0

[Event "44th North Shore Open"]
[Site "Auckland NZL"]
[Date "2017.08.26"]
[Round "3"]
[White "Wright, Caleb"]
[Black "Mistry, Prashant"]
[Result "0-1"]
[WhiteElo "1864"]
[BlackElo "2006"]
[PlyCount "106"]
[EventDate "2017.08.26"]

1. d4 d5 2. c4 e6 3. Nc3 Nf6 4. Bg5 Bb4 5. e3 Nbd7 6. Qc2 c6 7. cxd5 cxd5 8.
Nf3 Qa5 9. Bd3 Ne4 10. Rc1 Qxa2 11. O-O Bxc3 12. Bxe4 Qxb2 13. Bxh7 Qxc2 14.
Rxc2 Rxh7 15. Rxc3 f6 16. Rfc1 Nb6 17. Bf4 Bd7 18. Nd2 Bc6 19. f3 g5 20. Bg3
Kd7 21. e4 Rhh8 22. Nb3 Na4 23. R3c2 Rhc8 24. Na5 dxe4 25. Nxc6 Rxc6 26. Rxc6
bxc6 27. fxe4 Nb6 28. Rb1 Kc8 29. Kf1 Kb7 30. Bd6 Re8 31. Ke2 e5 32. dxe5 fxe5
33. h3 Re6 34. Bc5 Rf6 35. Be7 Rf4 36. Ke3 g4 37. Bg5 Rf8 38. h4 Kc7 39. h5 Rg8
40. Bf6 Nd7 41. Bh4 Rh8 42. Ra1 Kb7 43. Ke2 Rxh5 44. Bf2 Nb6 45. Ra5 a6 46. Bc5
Nd7 47. Be3 Rh1 48. Kf2 Rb1 49. Ra4 Rb2+ 50. Kg3 Rb3 51. Kf2 c5 52. Bd2 Rb2 53.
Ke3 Nb6 0-1

[Event "44th North Shore Open"]
[Site "Auckland NZL"]
[Date "2017.08.26"]
[Round "3"]
[White "Mukkattu, Philip"]
[Black "Seabrook, Roy"]
[Result "0-1"]
[WhiteElo "1674"]
[BlackElo "1814"]
[PlyCount "56"]
[EventDate "2017.08.26"]

1. Nf3 d6 2. d4 g6 3. e4 Bg7 4. c4 Nf6 5. Nc3 O-O 6. h3 Nbd7 7. Bd3 c5 8. d5 a6
9. O-O Nh5 10. g4 Nhf6 11. Bf4 Ne8 12. Qd2 Bh8 13. Rae1 e5 14. dxe6 fxe6 15. e5
dxe5 16. Nxe5 Rxf4 17. Qxf4 Nxe5 18. Rxe5 Bxe5 19. Qxe5 Qxd3 20. Rd1 Qxh3 21.
Qf4 e5 22. Qxe5 Qxg4+ 23. Kf1 Be6 24. b3 Qf5 25. Qe3 Nf6 26. Qd2 Ne4 27. Nxe4
Qxe4 28. Re1 Bh3+ 0-1

[Event "44th North Shore Open"]
[Site "Auckland NZL"]
[Date "2017.08.26"]
[Round "3"]
[White "Zhang, Jasmine Haomo"]
[Black "Nagorski, Alex"]
[Result "1-0"]
[WhiteElo "1880"]
[BlackElo "1859"]
[PlyCount "47"]
[EventDate "2017.08.26"]

1. d4 Nf6 2. c4 g6 3. Nc3 d5 4. cxd5 Nxd5 5. e4 Nxc3 6. bxc3 Bg7 7. Bc4 O-O 8.
Ne2 c5 9. O-O Nc6 10. Be3 cxd4 11. cxd4 Na5 12. Bb3 Bd7 13. Rb1 e6 14. Qd2 Bb5
15. Rfd1 Nxb3 16. axb3 Qh4 17. f3 Rfd8 18. Bg5 Bxd4+ 19. Nxd4 Qh5 20. Bxd8 Rxd8
21. Qa5 Rxd4 22. Rxd4 Qc5 23. Qd8+ Kg7 24. Kh1 1-0

[Event "44th North Shore Open"]
[Site "Auckland NZL"]
[Date "2017.08.26"]
[Round "3"]
[White "Qin, Nicole Shu Yu"]
[Black "Picken, Oliver"]
[Result "1/2-1/2"]
[WhiteElo "1551"]
[BlackElo "1866"]
[PlyCount "122"]
[EventDate "2017.08.26"]

1. d4 e6 2. c4 f5 3. Nc3 Nf6 4. Qc2 Bb4 5. Bd2 O-O 6. g3 d6 7. Bg2 e5 8. dxe5
dxe5 9. Qb3 Bc5 10. Rd1 Nc6 11. Nh3 Nd4 12. Qa4 Bd7 13. Qa5 Nc2+ 14. Kf1 Bb4
15. Qxe5 Bd6 16. Qa5 Qc8 17. Nd5 Ne4 18. Bf4 b6 19. Bxd6 Re8 20. Ne7+ Rxe7 21.
Qd5+ Be6 22. Qd3 cxd6 23. Qxc2 Bxc4 24. Bxe4 Rxe4 25. Rd2 Qb7 26. f3 Rc8 27.
Qb1 Rxe2 28. Rxe2 Qxf3+ 29. Kg1 Qxe2 30. Nf4 Qe3+ 31. Kg2 Qe4+ 32. Qxe4 fxe4
33. Rd1 g5 34. Nh3 Bd3 35. Rd2 g4 36. Nf4 Rc2 37. Rxc2 Bxc2 38. Kf2 Kf7 39. Ke3
Kf6 40. Kd4 Bd3 41. Nd5+ Ke6 42. Nf4+ Kd7 43. Kd5 b5 44. a3 Bc2 45. b4 a6 46.
Ng2 Bd1 47. Ne3 Bf3 48. Kd4 Ke6 49. Nd5 Kd7 50. Nf6+ Ke6 51. Nd5 h6 52. Nc7+
Kd7 53. Nd5 Kc6 54. Ne7+ Kd7 55. Nd5 Kd8 56. Ne3 Kc8 57. Nf5 Kd7 58. Ne3 Ke6
59. Nd5 e3 60. Nxe3 d5 61. Nc2 Be4 1/2-1/2